La buena administracin̤ como nocin̤ jurd̕ico-administrativa

Bibliographic Details
Main Author: Matilla Correa, Andry
Format: eBook
Language:Spanish
Published: Madrid: Dykinson, 2020
Subjects:
Online Access:Acceso restringido

MARC

LEADER 00000nam a22000007a 4500
005 20201112221243.0
007 cr|||| ||||
008 201112s2020 es |||||s|||| 00||0 spa d
020 |a 978-84-1324-852-3 
035 |a 32244 
040 |a vLex 
090 |c 10854  |d 10854 
100 1 |a Matilla Correa, Andry 
245 1 2 |a La buena administracin̤ como nocin̤ jurd̕ico-administrativa  |h [Recurso electrn̤ico] /  |c Andry Matilla Correa 
256 |a Servicio en ln̕ea 
260 |a Madrid:  |b Dykinson,  |c 2020 
300 |a 1 recurso electrn̤ico 
500 |a Es un placer prologar esta nueva monografa̕ del profesor cubano Andry Matilla Correa. Por muchas razones. Porque su investigacin̤ apunta a una conviccin̤ intelectual que he tenido la ocasin̤ de reseąr en mis trabajos sobre la buena administracin̤ desde la perspectiva del funcionamiento del aparato pb︢lico: que se trata de una caracters̕tica inherente a la misma Administracin̤, a su existencia, a su sentido, a su justificacin̤. En segundo lugar, porque estamos en presencia, una vez ms̀, de un trabajo en el que se acredita un perfecto conocimiento de la historia del Derecho Pb︢lico a escala global. Y, en tercer lugar, porque en las numerosas obras que componen la bibliografa̕ sobre la buena administracin̤, faltaba una sobre la aproximacin̤ histr̤ica. El lector tiene en sus manos un anl̀isis detallado y riguroso de estos antecedentes que permiten comprender en su sentido histr̤ico la dimensin̤ dinm̀ica de la Administracin̤ pb︢lica en el devenir del tiempo... del prl̤ogo de Jaime Rodrg̕uez-Arana Muǫz. Catedrt̀ico. Director del GIDPG. Presidente del FIDA. 
506 1 |a Disponible solo en los productos indicados  |d vLex Global  |d vLex Global (Academic Edition, excluding Law Schools)  |d vLex Global (U.S. Academic Edition, Law Schools)  |d vLex Global (U.S. Academic Edition, excluding Law Schools)  |d vLex Global (Academic Edition, Law Schools) 
650 0 4 |a Derecho Pb︢lico y Administrativo  |z Espaą 
740 0 |a vLex Libros (Servicio en ln̕ea) 
856 4 0 |u http://vlex.com/source/buena-administracion-como-nocion-juridico-administrativa-32244  |z Acceso restringido 
942 |c BOOK 
999 0 |a Public and Administrative Law